000 01142nam a2200229Ia 4500
001 L235-9647
003 IT-CnALBA
008 170116s9999||||xx |||||||||||||| ||und||
040 _aIT-CnALBA
_cIT-CnALBA
041 _aITALIANO
100 _aMESSORI VITTORIO
245 0 _aUN ITALIANO SERIO. IL BEATO FRANCESCO FAA' DI BRUNO.
250 _a1a ed.
260 _aCINISELLO BALSAMO (MI)
_bEDIZIONI PAOLINE
_c1990 [1° Ed.:1990 - Ed.Ling.Originale: 1990]
300 _a211 p.
500 _aS. ZITA IN PERIFERIA DI TORINO PER LE FANCIULLE POVERE. AVVENTURA IN TAPPE. SEGRETO CRISTIANO. FEDE INSIEME A SCIENZA. ALIENAZIONE BENEFICA. AIUTO CONCRETO. CATTOLICO E CITTADINO. BEATO FRANCESCO FAA' DI BRUNO.
501 _aSocietà San Paolo EM - Piazza San Paolo, 14 - 12051 ALBA (CN) (non commercial uses only) ® Copyright 2017
520 _aS. ZITA IN PERIFERIA DI TORINO PER LE FANCIULLE POVERE. AVVENTURA IN TAPPE. SEGRETO CRISTIANO. FEDE INSIEME A SCIENZA. ALIENAZIONE BENEFICA. AIUTO CONCRETO. CATTOLICO E CITTADINO. BEATO FRANCESCO FAA' DI BRUNO.
650 _aMARIA SS. ANGELI SANTI DEMONI
942 _cBK
957 _71
999 _a10623
_bNO
_g Copie: 1
_c268823
_d268823